Advances in fish science and technology

Guardat en:
Dades bibliogràfiques
Autor principal: Connell, J. J (Autor)
Autor corporatiu: Torry Research Station (Autor)
Format: Llibre
Idioma:anglès
Publicat: Farnham Fishing News Books 1980
Matèries:
Etiquetes: Afegir etiqueta
Sense etiquetes, Sigues el primer a etiquetar aquest registre!

MARC

LEADER 00000nam a2200000 a 4500
001 UCR5425
003 CL-VaPUC
008 980327e19800000UK |||||||||||||||||eng|d
082 0 4 |a 664.94  |b CON  |2 21 
100 0 |a Connell, J. J  |e author  |9 406337 
110 2 |a Torry Research Station  |e author  |9 406338 
245 1 0 |a Advances in fish science and technology 
300 |a 512 p 
942 |c BK 
945 |d 19980327 00:00:00  |a lriquelm 
260 |a Farnham  |b Fishing News Books  |c 1980 
650 7 |a PRODUCTOS PESQUEROS  |2 CL-VaPUC  |9 259452 
650 7 |a TECNOLOGIA DE ALIMENTOS  |2 CL-VaPUC  |9 406339 
650 0 |a Tecnología  |9 256742 
650 0 |a Ciencia  |9 255691 
650 7 |a KRILL  |2 CL-VaPUC  |9 406340 
650 0 |a Microbiología   |9 259706 
650 0 |a Histología   |9 264868 
583 |a last modification  |c 19980327 00:00:00  |k Rodrigo Vera 
999 |c 268023  |d 268021 
952 |0 0  |1 0  |4 0  |6 664_940000000000000_CON_1980  |7 0  |8 A  |9 300881  |a BIBALI  |b BIBALI  |d 2019-11-20  |i 1975099  |o 664.94 CON 1980  |p 1975099  |r 2025-01-20  |w 2019-11-20  |y BK  |k ALI